[Event "DM 2026 Kort Paaske 1B"]
[Site "Svendborg"]
[Date "2026.03.28"]
[Round "1.10"]
[White "Hansen, Simon"]
[Black "Bruntse, Caroline Lindegaard"]
[Result "1/2-1/2"]
[WhiteElo "1894"]
[BlackElo "1781"]
[WhiteFideId "1477820"]
[BlackFideId "1472275"]
[EventDate "2026.03.28"]
[EventType "swiss"]
[EventRounds "5"]
[EventCountry "DEN"]
[SourceTitle "Live v. Kasper Jerwiarz"]

1. e3 d5 2. Nf3 e6 3. d4 c5 4. Be2 Nf6 5. O-O Be7 6. b3 O-O 7. Bb2 Nbd7 8. Nbd2 b6 9. c4 Bb7 10. Rc1 Rc8 11. h3 h6 12. Re1 Re8 13. a3 a6 14. cxd5 Nxd5 15. dxc5 Bxc5 16. b4 Be7 17. Qb3 Rxc1 18. Rxc1 Qb8 19. Nd4 Rc8 20. Rxc8+ Qxc8 21. Qc4 Qxc4 22. Nxc4 b5 23. Na5 Ba8 24. g3 N7b6 25. e4 Nc7 26. f3 Na4 27. Ba1 Bf6 28. Bd1 Nb6 29. Kf2 Ne8 30. Ke3 Nd6 31. Bb3 e5 32. Ne2 Kf8 33. Nc1 Nd7 34. Nd3 Ne8 35. Bb2 Ke7 36. Ba2 Nc7 37. Nb3 Ne6 38. h4 h5 39. Na5 Nc7 40. Nb3 Ne6 41. Nbc5 Nexc5 42. bxc5 Ke8 43. Bd5 Bxd5 44. exd5 a5 45. d6 b4 46. axb4 axb4 47. Ke4 Kd8 48. Kd5 e4 49. fxe4 Bxb2 50. Nxb2 Nf6+ 51. Kd4 Ne8 52. e5 g6 53. Nc4 Ng7 54. c6 Ne6+ 55. Kd5 b3 56. c7+ Nxc7+ 57. dxc7+ Kxc7 58. Kd4 Kd7 59. Kc3 Ke6 60. Kxb3 f6 61. exf6 Kxf6 62. Nd6 Ke6 63. Ne4 Kf5 64. Nf2 g5 65. hxg5 Kxg5 66. Ne4+ Kg4 67. Nf6+ Kxg3 68. Nxh5+ 1/2-1/2

[Event "DM 2026 Kort Paaske 1B"]
[Site "Svendborg"]
[Date "2026.03.28"]
[Round "1.11"]
[White "Larsen, Rune"]
[Black "Ringsmose, Christian"]
[Result "0-1"]
[WhiteElo "1780"]
[BlackElo "1886"]
[WhiteFideId "1475681"]
[BlackFideId "1451669"]
[EventDate "2026.03.28"]
[EventType "swiss"]
[EventRounds "5"]
[EventCountry "DEN"]
[SourceTitle "Live v. Kasper Jerwiarz"]

1. d4 d5 2. e3 Nf6 3. Bd3 c5 4. c3 cxd4 5. exd4 Nc6 6. f4 Bg4 7. Nf3 e6 8. O-O Bd6 9. Qe1 Bxf3 10. Rxf3 Qc7 11. Be3 O-O-O 12. Na3 a6 13. b4 Kb8 14. Qb1 Ng4 15. Qc1 Nxe3 16. Qxe3 Rhe8 17. Qc1 Rc8 18. b5 Nxd4 19. bxa6 Nxf3+ 20. gxf3 Qc5+ 21. Kh1 Qxa3 22. Qb1 Re7 23. Qb6 Qc5 24. Qb1 Qxc3 25. a4 Bxf4 26. Qf1 Qxa1 0-1

[Event "DM 2026 Kort Paaske 1B"]
[Site "Svendborg"]
[Date "2026.03.28"]
[Round "1.12"]
[White "Sejersen, Christian"]
[Black "Nielsen, Pia"]
[Result "1-0"]
[WhiteElo "1916"]
[BlackElo "1592"]
[WhiteFideId "1441060"]
[BlackFideId "1409700"]
[EventDate "2026.03.28"]
[EventType "swiss"]
[EventRounds "5"]
[EventCountry "DEN"]
[SourceTitle "Live v. Kasper Jerwiarz"]

1. Nf3 c6 2. g3 d5 3. Bg2 Nf6 4. O-O Nbd7 5. d4 e6 6. b3 Bd6 7. Bb2 Nf8 8. c4 Ng6 9. cxd5 exd5 10. Nc3 Bg4 11. Qd3 Qd7 12. e4 dxe4 13. Nxe4 Nxe4 14. Qxe4+ Be6 15. Ng5 O-O-O 16. Nxe6 fxe6 17. Bh3 Rde8 18. Rfe1 Nf8 19. Rac1 Kb8 20. a4 h5 21. a5 Rh6 22. a6 g5 23. axb7 Kxb7 24. Bg2 Rc8 25. Rc4 Bb8 26. Rec1 e5 27. d5 cxd5 28. Qxd5+ Rhc6 29. Qxd7+ Nxd7 30. Rxc6 Rxc6 31. Bxc6+ Kc7 32. Bxd7+ Kxd7 33. Kf1 Ke6 34. Ke2 Kf5 35. Rc4 g4 36. Rc8 Bd6 37. Rh8 Kg6 38. Bc1 Bb4 39. Rh6+ Kf5 40. Rxh5+ Ke4 41. Rg5 a5 42. Rxg4+ Kf5 43. Rxb4 axb4 44. h4 e4 45. h5 e3 46. Bxe3 Kf6 47. g4 Kg7 48. g5 Kh7 49. g6+ Kg7 50. Bd4+ Kg8 51. h6 Kf8 52. h7 Ke7 53. h8=Q Kd7 54. Qf6 Kc7 55. g7 Kb7 56. g8=R Kc7 57. Rg7+ Kc8 58. Qf8# 1-0

[Event "DM 2026 Kort Paaske 1B"]
[Site "Svendborg"]
[Date "2026.03.28"]
[Round "1.13"]
[White "Bultijnck, Kristoff"]
[Black "Eberle, Simon"]
[Result "0-1"]
[WhiteElo "1717"]
[BlackElo "1904"]
[WhiteFideId "254975"]
[BlackFideId "1477919"]
[EventDate "2026.03.28"]
[EventType "swiss"]
[EventRounds "5"]
[EventCountry "DEN"]
[SourceTitle "Live v. Kasper Jerwiarz"]

1. e4 c6 2. d4 d5 3. Nc3 dxe4 4. Nxe4 Nf6 5. Bd3 Qxd4 6. Nf3 Qd8 7. Nxf6+ exf6 8. O-O Be7 9. Re1 O-O 10. Qe2 Bc5 11. Qe4 f5 12. Qf4 Bd6 13. Qd4 c5 14. Qc3 Nc6 15. Bg5 Qc7 16. Be3 b6 17. h3 Ne5 18. Be2 Bb7 19. Nd2 Rad8 20. Nc4 Nxc4 21. Bxc4 f4 22. Bd2 f3 23. g4 Bh2+ 24. Kh1 Rd6 25. Re3 Bf4 26. Rd3 Rh6 27. Re1 Rxh3+ 28. Kg1 Bxd2 29. Qe5 Qxe5 30. Rxe5 Bf4 31. Re7 Bh2+ 32. Kf1 Bd6 33. Ke1 Bxe7 34. Rd7 Rh1+ 35. Kd2 Rd8 0-1

[Event "DM 2026 Kort Paaske 1B"]
[Site "Svendborg"]
[Date "2026.03.28"]
[Round "1.14"]
[White "Kjeldsen, Johannes Juel"]
[Black "Nielsen, Angelo"]
[Result "0-1"]
[WhiteElo "1886"]
[BlackElo "1719"]
[WhiteFideId "1473263"]
[BlackFideId "1442589"]
[EventDate "2026.03.28"]
[EventType "swiss"]
[EventRounds "5"]
[EventCountry "DEN"]
[SourceTitle "Live v. Kasper Jerwiarz"]

1. e4 d6 2. d4 g6 3. Nc3 Nf6 4. Bg5 Nc6 5. Nf3 a6 6. e5 h6 7. Bf4 Nh5 8. Be3 Ng7 9. Bc4 Nf5 10. exd6 Nxd6 11. Be2 Bg7 12. Qd2 Nf5 13. O-O-O b5 14. h3 e6 15. g4 Nxe3 16. fxe3 Bb7 17. h4 Ne7 18. h5 g5 19. Rhf1 O-O 20. Bd3 Nd5 21. Ne2 Qd6 22. c3 Rac8 23. e4 Nb6 24. e5 Qe7 25. Ng3 c5 26. Kb1 c4 27. Be4 Nd5 28. Rde1 a5 29. Qc2 b4 30. Bxd5 Bxd5 31. Ne4 Bxe4 32. Qxe4 bxc3 33. bxc3 Rb8+ 34. Ka1 Qa3 35. Qc2 Rb3 36. Re3 Rfb8 37. Rf2 Bf8 38. Ne1 Bb4 39. Qxb3 cxb3 40. cxb4 Qc1# 0-1

[Event "DM 2026 Kort Paaske 1B"]
[Site "Svendborg"]
[Date "2026.03.28"]
[Round "1.15"]
[White "Licht, Torsten Wentzer"]
[Black "Gronnemose, Freja Egelund"]
[Result "1/2-1/2"]
[WhiteElo "1687"]
[BlackElo "1924"]
[WhiteFideId "1479326"]
[BlackFideId "1474456"]
[EventDate "2026.03.28"]
[EventType "swiss"]
[EventRounds "5"]
[EventCountry "DEN"]
[SourceTitle "Live v. Kasper Jerwiarz"]

1. e4 c6 2. d4 d5 3. e5 Bf5 4. Nf3 c5 5. dxc5 e6 6. Be3 Nc6 7. Qd2 Nge7 8. Bb5 Qc7 9. b4 Ng6 10. Bd4 Be7 11. O-O O-O 12. c3 Nxd4 13. cxd4 f6 14. Re1 fxe5 15. Nxe5 Nxe5 16. dxe5 Rad8 17. Qd4 Bg6 18. Nd2 b6 19. c6 a6 20. Bxa6 Qxc6 21. b5 Qc5 22. Nb3 Qxd4 23. Nxd4 Bc5 24. Red1 Rde8 25. Rd2 Rf4 26. Nf3 Be4 27. Nd4 Rg4 28. g3 Rg5 29. f4 Rf5 30. Kf1 Bxd4 31. Rxd4 g5 32. Rc1 gxf4 33. g4 Rxe5 34. Rc6 Bf3 35. Rxf4 Rf8 36. Rxf8+ Kxf8 37. h3 d4 38. Rxb6 Ke7 39. Bb7 Be2+ 40. Ke1 Bc4+ 41. Kd1 d3 42. Bc8 Rxb5 43. Rxb5 Bxb5 44. Bb7 Kf6 45. Be4 h6 46. Kd2 Bc4 47. a4 Kg5 48. Bxd3 Bd5 49. Bf1 Kf4 50. a5 e5 51. a6 Kf3 52. Ke1 Ke3 53. a7 Kf3 54. Be2+ Kg3 55. Bf1 Kf3 1/2-1/2

[Event "DM 2026 Kort Paaske 1B"]
[Site "Svendborg"]
[Date "2026.03.28"]
[Round "1.16"]
[White "Hansen, Daniel Hoppe"]
[Black "Schachter, Per"]
[Result "1-0"]
[WhiteElo "1832"]
[BlackElo "1670"]
[WhiteFideId "1486101"]
[BlackFideId "1489739"]
[EventDate "2026.03.28"]
[EventType "swiss"]
[EventRounds "5"]
[EventCountry "DEN"]
[SourceTitle "Live v. Kasper Jerwiarz"]

1. Nf3 Nf6 2. b3 c5 3. Bb2 Nc6 4. e3 Qc7 5. Bb5 g6 6. O-O Bg7 7. d3 O-O 8. Nbd2 b6 9. Bxc6 Qxc6 10. e4 Re8 11. Rb1 Qc7 12. Re1 d6 13. e5 Nd5 14. exd6 Qxd6 15. Bxg7 Kxg7 16. Ne5 f6 17. Nec4 Qc7 18. Qf3 Bb7 19. Ne4 f5 20. Ng5 Qc8 21. Ne6+ Kf7 22. Qg3 Nc3 23. Qe5 Rg8 24. Ng5+ Ke8 1-0

[Event "DM 2026 Kort Paaske 1B"]
[Site "Svendborg"]
[Date "2026.03.28"]
[Round "1.17"]
[White "Mortensen, Erik Holm"]
[Black "Petersen, Poul Erik"]
[Result "0-1"]
[WhiteElo "1719"]
[BlackElo "1861"]
[WhiteFideId "1485199"]
[BlackFideId "1440667"]
[EventDate "2026.03.28"]
[EventType "swiss"]
[EventRounds "5"]
[EventCountry "DEN"]
[SourceTitle "Live v. Kasper Jerwiarz"]

1. d4 Nf6 2. Nf3 e6 3. g3 b6 4. Bg2 Bb7 5. c4 c5 6. e3 Qc7 7. b3 cxd4 8. exd4 d5 9. cxd5 Nxd5 10. O-O Bd6 11. Bb2 O-O 12. Na3 a6 13. Rc1 Qe7 14. Nc4 b5 15. Nxd6 Qxd6 16. Ne5 Nd7 17. Nxd7 Qxd7 18. Rc5 Rfc8 19. a3 Nf6 20. Qc2 Bxg2 21. Kxg2 Qb7+ 22. Kg1 Ne4 23. Rxc8+ Rxc8 24. Qd3 h6 25. f3 Nf6 26. Rc1 Rxc1+ 27. Bxc1 Qc6 28. Bd2 Nd5 29. Kf2 Qd6 30. b4 Nb6 31. Bf4 Qd5 32. Bc1 Qa2+ 33. Qd2 Qb3 34. Qe3 Qd1 35. f4 Nc4 36. Qe1 Qxd4+ 37. Kf1 Qd5 38. Kg1 Qd3 39. Qf1 Qc3 40. Qd1 Nxa3 41. Qd8+ Kh7 42. Qd2 Qxd2 43. Bxd2 Nc4 44. Bc3 g5 45. Kf2 gxf4 46. gxf4 Kg6 47. Kf3 Kf5 48. h4 h5 49. Be1 f6 50. Bc3 e5 51. fxe5 fxe5 52. Be1 e4+ 53. Ke2 Kg4 54. Bf2 Kf4 55. Be1 Kg4 56. Bf2 a5 57. bxa5 Nxa5 58. Ke3 Kf5 59. Be1 Nc6 60. Bc3 b4 61. Bb2 Ne5 0-1

[Event "DM 2026 Kort Paaske 1B"]
[Site "Svendborg"]
[Date "2026.03.28"]
[Round "1.18"]
[White "Knudsen, Martin Markvard"]
[Black "Saliev, Ramadan"]
[Result "1-0"]
[WhiteElo "1800"]
[BlackElo "1673"]
[BlackFideId "1422448"]
[EventDate "2026.03.28"]
[EventType "swiss"]
[EventRounds "5"]
[EventCountry "DEN"]
[SourceTitle "Live v. Kasper Jerwiarz"]

1. e4 d5 2. exd5 Nf6 3. c4 c6 4. dxc6 Nxc6 5. Nf3 e5 6. Nc3 e4 7. Ng1 Bc5 8. Nge2 Ng4 9. Nxe4 Be7 10. N2c3 O-O 11. Be2 f5 12. Bxg4 fxg4 13. O-O Qd3 14. b3 Bf6 15. Ba3 Be7 16. Bxe7 Nxe7 17. Qe2 Rd8 18. Qxd3 Rxd3 19. Rfe1 Kf8 20. Rad1 b6 21. Re3 Rd8 22. d4 Bb7 23. Ng5 h5 24. Ne6+ Kf7 25. Nxd8+ Rxd8 26. d5 Nf5 27. Re2 h4 28. Nb5 a6 29. Nd4 Nd6 30. Rde1 Rd7 31. f3 g3 32. Re5 Kf6 33. Re6+ Kf7 34. hxg3 hxg3 35. R1e5 Bc8 36. Nf5 Nxf5 37. Rxf5+ Kg8 38. Re8+ 1-0

[Event "DM 2026 Kort Paaske 1B"]
[Site "Svendborg"]
[Date "2026.03.28"]
[Round "1.19"]
[White "Andersen, Frederik"]
[Black "Jorgensen, Martin"]
[Result "0-1"]
[WhiteElo "1665"]
[BlackElo "1831"]
[WhiteFideId "1481630"]
[BlackFideId "1448161"]
[EventDate "2026.03.28"]
[EventType "swiss"]
[EventRounds "5"]
[EventCountry "DEN"]
[SourceTitle "Live v. Kasper Jerwiarz"]

1. e4 e5 2. Nf3 Nc6 3. Bb5 a6 4. Ba4 Nf6 5. Nc3 b5 6. Bb3 Be7 7. d3 d6 8. h3 Na5 9. Be3 O-O 10. O-O Nxb3 11. axb3 Bb7 12. Re1 Re8 13. Bg5 h6 14. Bh4 Nh5 15. Bxe7 Qxe7 16. Nd5 Bxd5 17. exd5 Nf4 18. c4 Qf6 19. Kh1 Qg6 20. Nh4 Qxd3 21. Qxd3 Nxd3 22. Re2 Nc5 23. Re3 bxc4 24. bxc4 Reb8 25. Re2 Rb4 26. Rc2 Rab8 27. Ra2 R8b6 28. Nf5 Kf8 29. Ne3 Nd3 30. Nd1 f5 31. g3 Rb3 32. Kg1 Nb4 33. Ra1 0-1

[Event "DM 2026 Kort Paaske 1B"]
[Site "Svendborg"]
[Date "2026.03.29"]
[Round "2.10"]
[White "Ringsmose, Christian"]
[Black "Petersen, Poul Erik"]
[Result "1-0"]
[WhiteElo "1886"]
[BlackElo "1861"]
[WhiteFideId "1451669"]
[BlackFideId "1440667"]
[EventDate "2026.03.28"]
[EventType "swiss"]
[EventRounds "5"]
[EventCountry "DEN"]
[SourceTitle "Live v. Kasper Jerwiarz"]

1. d4 d5 2. Nf3 Bf5 3. e3 e6 4. Bd3 Bxd3 5. Qxd3 c6 6. O-O Nf6 7. Nbd2 Bd6 8. e4 dxe4 9. Nxe4 Nxe4 10. Qxe4 Nd7 11. Qg4 Qf6 12. Bg5 Qg6 13. Nh4 Qxc2 14. Rae1 Nf8 15. Nf5 Kd7 16. Nxd6 Kxd6 17. Qf4+ Kd7 18. Qxf7+ Kc8 19. Qe8+ 1-0

[Event "DM 2026 Kort Paaske 1B"]
[Site "Svendborg"]
[Date "2026.03.29"]
[Round "2.11"]
[White "Jorgensen, Martin"]
[Black "Sejersen, Christian"]
[Result "1-0"]
[WhiteElo "1831"]
[BlackElo "1916"]
[WhiteFideId "1448161"]
[BlackFideId "1441060"]
[EventDate "2026.03.28"]
[EventType "swiss"]
[EventRounds "5"]
[EventCountry "DEN"]
[SourceTitle "Live v. Kasper Jerwiarz"]

1. e4 c5 2. Nf3 d6 3. Bb5+ Nd7 4. c4 g6 5. Nc3 Bg7 6. d4 cxd4 7. Nxd4 Nf6 8. Be3 O-O 9. Bxd7 Bxd7 10. f3 Rc8 11. Qd3 Qc7 12. b3 a6 13. a4 Qa5 14. O-O h5 15. Rac1 h4 16. Nd5 Nxd5 17. exd5 h3 18. g3 Bxd4 19. Bxd4 Kh7 20. Qe4 Qd2 21. Qh4+ Qh6 22. Qxe7 Bf5 23. Be3 Qg7 24. Qh4+ Kg8 25. Bd4 f6 26. g4 Bd3 27. Rfe1 b5 28. Re3 bxc4 29. bxc4 Rxc4 30. Rxc4 Bxc4 31. g5 Bxd5 32. Bxf6 Rxf6 33. gxf6 Qf8 34. Qg5 Bf7 35. Kf2 Qb8 36. Re2 d5 37. Qe5 Qxe5 38. Rxe5 d4 39. Re4 d3 40. Ke3 g5 41. a5 Kf8 42. Rg4 Be6 43. Rxg5 Kf7 44. Rc5 Kxf6 45. Rc6 Ke5 46. Rxa6 Bd5 47. Rh6 1-0

[Event "DM 2026 Kort Paaske 1B"]
[Site "Svendborg"]
[Date "2026.03.29"]
[Round "2.12"]
[White "Eberle, Simon"]
[Black "Knudsen, Martin Markvard"]
[Result "1-0"]
[WhiteElo "1904"]
[BlackElo "1800"]
[WhiteFideId "1477919"]
[EventDate "2026.03.28"]
[EventType "swiss"]
[EventRounds "5"]
[EventCountry "DEN"]
[SourceTitle "Live v. Kasper Jerwiarz"]

1. d4 Nf6 2. Nc3 g6 3. e4 d6 4. Bf4 Bg7 5. Qd2 Nbd7 6. O-O-O c5 7. dxc5 Nxc5 8. e5 Nfe4 9. Nxe4 Nxe4 10. Qe3 g5 11. Qxe4 gxf4 12. exd6 e6 13. d7+ Bxd7 14. Bb5 Bxb2+ 15. Kb1 Qb6 16. Rxd7 Qxb5 17. Rxb7 Qe5 18. Qa4+ Kf8 19. Qb4+ Kg8 20. Nf3 Bc3 21. Nxe5 Bxb4 22. Rxb4 f6 23. Nd3 e5 24. Rb7 h5 25. g3 f3 26. Re1 Rh7 27. Rxh7 Kxh7 28. Re4 Rd8 29. Kc1 Kg6 30. Kd2 Kf5 31. Ke3 Rc8 32. c4 Rd8 33. c5 Ke6 34. Nf4+ Kf5 35. Nxh5 Rd1 36. Rc4 e4 37. g4+ Ke5 38. Rxe4+ Kd5 39. Nxf6+ Kxc5 40. Kxf3 1-0

[Event "DM 2026 Kort Paaske 1B"]
[Site "Svendborg"]
[Date "2026.03.29"]
[Round "2.13"]
[White "Nielsen, Angelo"]
[Black "Hansen, Daniel Hoppe"]
[Result "1-0"]
[WhiteElo "1719"]
[BlackElo "1832"]
[WhiteFideId "1442589"]
[BlackFideId "1486101"]
[EventDate "2026.03.28"]
[EventType "swiss"]
[EventRounds "5"]
[EventCountry "DEN"]
[SourceTitle "Live v. Kasper Jerwiarz"]

1. Nf3 Nf6 2. g3 d5 3. Bg2 g6 4. O-O Bg7 5. d3 O-O 6. Nbd2 c5 7. e4 Nc6 8. c3 e5 9. a4 Be6 10. Re1 Rc8 11. Ng5 Bg4 12. Ngf3 dxe4 13. dxe4 h6 14. h3 Be6 15. Qc2 c4 16. Nf1 Nd7 17. Ne3 Nc5 18. Nd2 Nb3 19. Nxb3 cxb3 20. Qe2 Na5 21. Nd5 Bxd5 22. exd5 Nc4 23. Qd1 Qb6 24. Re2 f5 25. Be3 Nxe3 26. Rxe3 f4 27. gxf4 Rxf4 28. Qe2 Rcf8 29. Rf3 Rxf3 30. Bxf3 Qf6 31. Bg2 h5 32. Ra3 Qb6 33. Qe3 Qa6 34. Bf1 Qd6 35. Rxb3 Qxd5 36. Rb5 Qf7 37. Bg2 Bh6 38. Qe2 Qa2 39. Bd5+ 1-0

[Event "DM 2026 Kort Paaske 1B"]
[Site "Svendborg"]
[Date "2026.03.29"]
[Round "2.14"]
[White "Gronnemose, Freja Egelund"]
[Black "Hansen, Simon"]
[Result "0-1"]
[WhiteElo "1924"]
[BlackElo "1894"]
[WhiteFideId "1474456"]
[BlackFideId "1477820"]
[EventDate "2026.03.28"]
[EventType "swiss"]
[EventRounds "5"]
[EventCountry "DEN"]
[SourceTitle "Live v. Kasper Jerwiarz"]

1. e4 e6 2. d4 d5 3. Nc3 Nf6 4. e5 Nfd7 5. f4 c5 6. Nf3 Nc6 7. Be3 Qb6 8. Nb5 a6 9. dxc5 Nxc5 10. Nbd4 Qxb2 11. Nxc6 bxc6 12. Bd4 Qa3 13. Be2 Be7 14. O-O O-O 15. g4 Bd7 16. Qe1 Ne4 17. Bd3 c5 18. Bxe4 dxe4 19. Qxe4 cxd4 20. Nxd4 Rac8 21. Rf3 Rc3 22. Rd1 Rxf3 23. Qxf3 Qxf3 24. Nxf3 Bc6 25. Nd4 Bd5 26. a4 Bc5 27. Kf2 Bxd4+ 28. Rxd4 Rc8 29. Rb4 Rxc2+ 30. Kg3 g6 31. h3 Kg7 32. Rb6 Rc6 33. Rb2 Rc4 34. f5 gxf5 35. gxf5 exf5 36. Rd2 Be6 37. a5 Ra4 38. Kf3 Rxa5 39. Rg2+ Kh6 40. Kf4 Ra4+ 41. Kg3 f4+ 0-1

[Event "DM 2026 Kort Paaske 1B"]
[Site "Svendborg"]
[Date "2026.03.29"]
[Round "2.15"]
[White "Bruntse, Caroline Lindegaard"]
[Black "Licht, Torsten Wentzer"]
[Result "1/2-1/2"]
[WhiteElo "1781"]
[BlackElo "1687"]
[WhiteFideId "1472275"]
[BlackFideId "1479326"]
[EventDate "2026.03.28"]
[EventType "swiss"]
[EventRounds "5"]
[EventCountry "DEN"]
[SourceTitle "Live v. Kasper Jerwiarz"]

1. d4 d5 2. c4 c6 3. Nc3 Nf6 4. cxd5 cxd5 5. Bf4 Nc6 6. e3 Bf5 7. Bd3 Bxd3 8. Qxd3 e6 9. a3 Be7 10. Nf3 O-O 11. O-O Rc8 12. b4 a6 13. h3 b5 14. Nd2 Bd6 15. Bxd6 Qxd6 16. Nb3 Rc7 17. Nc5 Rfc8 18. Rfc1 Ne7 19. Rc2 e5 20. dxe5 Qxe5 21. Rac1 g6 22. Ne2 Qd6 23. Nd4 Nd7 24. Nxd7 Qxd7 1/2-1/2

[Event "DM 2026 Kort Paaske 1B"]
[Site "Svendborg"]
[Date "2026.03.29"]
[Round "2.16"]
[White "Schachter, Per"]
[Black "Kjeldsen, Johannes Juel"]
[Result "1/2-1/2"]
[WhiteElo "1670"]
[BlackElo "1886"]
[WhiteFideId "1489739"]
[BlackFideId "1473263"]
[EventDate "2026.03.28"]
[EventType "swiss"]
[EventRounds "5"]
[EventCountry "DEN"]
[SourceTitle "Live v. Kasper Jerwiarz"]

1. Nf3 Nf6 2. g3 b6 3. Bg2 Bb7 4. O-O e6 5. c4 Be7 6. d4 O-O 7. Nc3 d6 8. Re1 d5 9. Ne5 c5 10. Bf4 cxd4 11. Qxd4 Bc5 12. Qd3 Nbd7 13. cxd5 Nxe5 14. Bxe5 Nxd5 15. Nxd5 Bxd5 16. Bxd5 Qxd5 17. Qxd5 exd5 18. Red1 Rad8 19. Bd4 Rfe8 20. e3 Re6 21. Rac1 Bxd4 22. Rxd4 Red6 23. Rc7 R6d7 24. Rxd7 Rxd7 25. Kf1 Kf8 26. Ke2 Ke7 27. Kd3 Ke6 28. a4 a5 29. f4 f5 30. h3 Rc7 31. Kd2 Rc4 32. b3 Rc5 33. Rd3 h5 34. Rc3 Kd6 35. Rd3 h4 36. gxh4 Rc8 37. Ke2 Rh8 38. Kf3 Rxh4 39. Kg3 Rh8 40. Rc3 Rb8 1/2-1/2

[Event "DM 2026 Kort Paaske 1B"]
[Site "Svendborg"]
[Date "2026.03.29"]
[Round "2.17"]
[White "Nielsen, Pia"]
[Black "Mortensen, Erik Holm"]
[Result "1/2-1/2"]
[WhiteElo "1592"]
[BlackElo "1719"]
[WhiteFideId "1409700"]
[BlackFideId "1485199"]
[EventDate "2026.03.28"]
[EventType "swiss"]
[EventRounds "5"]
[EventCountry "DEN"]
[SourceTitle "Live v. Kasper Jerwiarz"]

1. c3 Nf6 2. d4 d5 3. Nf3 Bf5 4. Bg5 e6 5. Nh4 Bg6 6. Nxg6 hxg6 7. e3 Bd6 8. g3 Nbd7 9. Nd2 Rh5 10. f4 Be7 11. g4 Rh8 12. Qf3 Nh7 13. Bxe7 Qxe7 14. g5 Nb6 15. b3 Nf8 16. Bg2 c6 17. e4 Nfd7 18. a4 f6 19. a5 Nc8 20. Qg3 Kf7 21. e5 f5 22. h4 Qf8 23. Ke2 a6 24. Rh3 c5 25. Bf3 Na7 26. h5 gxh5 27. g6+ Ke8 28. Qg5 cxd4 29. c4 dxc4 30. Bxb7 Rb8 31. Bxa6 Nc5 32. Bxc4 Nb5 33. Bxb5+ Rxb5 34. a6 d3+ 35. Kf1 Kd7 36. a7 Qa8 37. Rxh5 Rg8 38. Rh7 Nxb3 39. Nxb3 Rxb3 40. Qf6 Qf3+ 41. Kg1 Qg3+ 42. Kh1 Qf3+ 43. Kg1 Qg3+ 44. Kh1 Qf3+ 45. Kg1 d2 1/2-1/2

[Event "DM 2026 Kort Paaske 1B"]
[Site "Svendborg"]
[Date "2026.03.29"]
[Round "2.18"]
[White "Saliev, Ramadan"]
[Black "Bultijnck, Kristoff"]
[Result "0-1"]
[WhiteElo "1673"]
[BlackElo "1717"]
[WhiteFideId "1422448"]
[BlackFideId "254975"]
[EventDate "2026.03.28"]
[EventType "swiss"]
[EventRounds "5"]
[EventCountry "DEN"]
[SourceTitle "Live v. Kasper Jerwiarz"]

1. e4 c5 2. Nf3 d6 3. c3 e6 4. d4 cxd4 5. cxd4 Nf6 6. Nc3 Be7 7. e5 dxe5 8. dxe5 Qxd1+ 9. Nxd1 Nd5 10. a3 Nc6 11. Bb5 Bd7 12. O-O Nxe5 13. Bxd7+ Nxd7 14. b4 Rc8 15. Ne3 Bf6 16. Ra2 N7b6 17. Nxd5 Nxd5 18. Be3 Nxe3 19. fxe3 Rc4 20. Kf2 Ke7 21. Nd2 Rc7 22. Ne4 Be5 23. h3 h6 24. Rd1 Rhc8 25. Rad2 Rc2 26. Kf3 Rxd2 27. Rxd2 b6 28. Rd3 a5 29. g4 f5 30. Nf2 axb4 31. axb4 fxg4+ 32. hxg4 b5 33. Ne4 Rc4 34. Rb3 Bd6 35. Nc3 Bxb4 36. Nxb5 Be1 37. Nd4 Bc3 38. Ne2 Ba5 39. Rb5 Bc7 40. Rb7 Kf6 41. Nf4 Rc1 42. Nd3 Rc3 43. Nf2 Rc2 44. Ne4+ Kg6 45. Nf2 Bd8 46. Ne4 Rc1 47. Rd7 Bf6 48. Rd3 Rh1 49. Nf2 Rg1 50. Nh3 Rf1+ 51. Kg2 Re1 52. Kf2 Bh4+ 53. Kf3 Kf6 54. Ke4 g5 55. Rd2 Rh1 56. Nf2 Rh2 57. Kf3 Rxf2+ 58. Rxf2 Bxf2 59. Kxf2 Ke5 60. Kf3 Kd5 61. Kf2 Ke4 62. Ke2 e5 63. Kf2 Kd3 0-1

[Event "DM 2026 Kort Paaske 1B"]
[Site "Svendborg"]
[Date "2026.03.29"]
[Round "3.10"]
[White "Jorgensen, Martin"]
[Black "Ringsmose, Christian"]
[Result "0-1"]
[WhiteElo "1831"]
[BlackElo "1886"]
[WhiteFideId "1448161"]
[BlackFideId "1451669"]
[EventDate "2026.03.28"]
[EventType "swiss"]
[EventRounds "5"]
[EventCountry "DEN"]
[SourceTitle "Live v. Kasper Jerwiarz"]

1. e4 c6 2. d4 d5 3. exd5 cxd5 4. Bd3 Nc6 5. c3 Nf6 6. Bf4 Bg4 7. Qb3 Qd7 8. Nd2 e6 9. Ngf3 Bd6 10. Bxd6 Qxd6 11. O-O O-O 12. Rae1 Bxf3 13. Nxf3 Qc7 14. Ne5 Nxe5 15. dxe5 Nd7 16. f4 Rfc8 17. Rf3 Rab8 18. Qd1 b5 19. Bxh7+ Kxh7 20. Rh3+ Kg8 21. Qh5 Kf8 22. Qg5 Ke8 23. f5 Qc5+ 24. Kh1 Qf2 25. Rhe3 Qxf5 26. Qxg7 Nf8 27. Rf3 Qg6 28. Qh8 Rc4 29. Ref1 Rb7 30. Rf6 Qg5 31. Rxe6+ Re7 32. Rxe7+ Kxe7 33. Qh3 Ng6 34. Qd3 Qxe5 0-1

[Event "DM 2026 Kort Paaske 1B"]
[Site "Svendborg"]
[Date "2026.03.29"]
[Round "3.11"]
[White "Nielsen, Angelo"]
[Black "Eberle, Simon"]
[Result "0-1"]
[WhiteElo "1719"]
[BlackElo "1904"]
[WhiteFideId "1442589"]
[BlackFideId "1477919"]
[EventDate "2026.03.28"]
[EventType "swiss"]
[EventRounds "5"]
[EventCountry "DEN"]
[SourceTitle "Live v. Kasper Jerwiarz"]

1. Nf3 Nf6 2. g3 g6 3. Bg2 d5 4. d3 Bg7 5. O-O O-O 6. Nbd2 Bf5 7. Nh4 Bg4 8. h3 Be6 9. e4 Nc6 10. c3 Qd7 11. Kh2 Rad8 12. Qe2 d4 13. c4 Nh5 14. Nb3 b6 15. f4 Qc8 16. g4 Nf6 17. f5 Bd7 18. Nf3 e5 19. g5 Nh5 20. f6 Bh8 21. Ng1 a5 22. a4 Rfe8 23. Bf3 Nf4 24. Bxf4 exf4 25. Bg4 Bxg4 26. hxg4 Re5 27. Nh3 h6 28. Rxf4 hxg5 29. Rf2 Rd6 30. Raf1 Qd8 31. Rf3 Rxf6 32. Qf2 Rxf3 33. Qxf3 Qe7 34. Nc1 Nd8 35. Kg2 Re6 36. Qe2 Rf6 37. Rxf6 Bxf6 38. Ng1 Ne6 39. Kf1 Nf4 40. Qf3 Qb4 41. b3 Qd2 42. Nge2 Be5 43. Kf2 Bd6 0-1